000 00706nam a2200229ua 4500
001 49832
003 BD-RjUL
005 20211209054733.0
008 160822s1953 pk 001 0 eng
035 _a(BD-RjUL)49952
040 _aDLC
_cCarP
_dDLC
_dBD-RjUL
_beng
041 _aeng
082 _223
_a347.5095491
_b MUC 1953
100 _aMulla, dinshah fardunji
_9142261
245 1 4 _aThe Code of civil procedure Act V of 1908 /
_c dinshah fardunji Mulla
250 _a12th ed.
260 _aLahore :
_bAll Pakistan Legal Division,
_c1953.
300 _alx, 1794 p. ;
_c24 cm.
650 0 _aCivil procedure
_zPakistan.
_9142262
710 2 _aFazal i-Haq. [from old catalog]
_9142263
942 _2ddc
_cBK
999 _c49832
_d49832